000 01180nam a22003377a 4500
003 CHAP
005 20220329143608.0
008 100809s2001 mx r 00010 spa d
010 _a99033
011 _a100005
020 _a968884733X
035 _a110691
040 _cCHAP
082 1 4 _a631.584
_bD62
245 0 0 _aDirectorio de agricultura orgánica
_c/editado por José Feliciano Ruiz Figueroa
260 _aSan Bernardino, Edo. de Méx. :
_bConsejo Nacional Regulador de Agricultura Orgánica,
_c2001
300 _a110 p.
590 _aBATCH-UPD
_b10
_c20130110
_lUCH01
_h1139
590 _aBATCH-UPD
_b10
_c20130410
_lUCH01
_h0725
590 _aBATCH-UPD
_b10
_c20130913
_lUCH01
_h2234
590 _aCONVERSION
_b10
_c20130109
_lUCH01
_h1355
650 1 4 _aAgricultura orgánica.
_92005
650 1 4 _aDirectorios.
_932698
700 0 _aRuíz Figueroa, José Feliciano
_e, ed.
_9100875
901 _aBK
911 _aen proceso
942 _cLIBRO
949 _a631.584 D62
_bBC
_cC
_d33724002215223
_eC
_fc.2
_h113152
_i110691
_sb
949 _a631.584 D62
_bBC
_cC
_d33724002215264
_eC
_fc.3
_h113153
_i110691
_sb
949 _a631.584 D62
_bBC
_cC
_d33724002215991
_eC
_h113151
_i110691
_sb
999 _c99033
_d99033